| Tag |
First Indicator |
Second Indicator |
Subfields |
| LEADER |
00000cam a22000005a 4500 |
| 001 |
in00000084125 |
| 005 |
20151008055657.0 |
| 008 |
800910s1980 cau b 00010 eng d |
| 035 |
|
|
|a (OCoLC)06697741
|
| 035 |
|
|
|9 AAJ4090AM
|
| 040 |
|
|
|a GSU
|c GSU
|d m.c.
|d TXA
|d UtOrBLW
|
| 049 |
|
|
|a TXAM
|c [1655224]
|
| 090 |
|
|
|a JX1974
|b .B3
|
| 100 |
1 |
|
|a Ball, Nicole.
|
| 245 |
1 |
0 |
|a Disarmament, development & their interrelationship :
|b a critical essay & selected bibliography /
|c by Nicole Ball & Milton Leitenberg.
|
| 264 |
|
1 |
|a Los Angeles, Calif. :
|b Center for the Study of Armament & Disarmament, California State University, Los Angeles,
|c 1980.
|
| 300 |
|
|
|a vii, 42 pages ;
|c 22 cm.
|
| 336 |
|
|
|a text
|b txt
|2 rdacontent
|
| 337 |
|
|
|a unmediated
|b n
|2 rdamedia
|
| 338 |
|
|
|a volume
|b nc
|2 rdacarrier
|
| 490 |
1 |
|
|a Political issues series ;
|v v. 6, no. 3
|
| 504 |
|
|
|a Bibliography: pages 30-42.
|
| 650 |
|
0 |
|a Disarmament
|x Economic aspects.
|
| 651 |
|
0 |
|a Developing countries.
|
| 700 |
1 |
|
|a Leitenberg, Milton.
|
| 830 |
|
0 |
|a Political issues series ;
|v v. 6, no. 3.
|
| 999 |
|
|
|a MARS
|
| 999 |
f |
f |
|s fcbaa807-e18e-3be0-a872-66a614e0b8db
|i a5f04ac9-869b-39b3-9873-173c2411c0b8
|t 0
|
| 952 |
f |
f |
|p ric
|a Texas A&M University
|b Rellis Campus
|c Joint Library Facility
|d Remote Storage
|t 0
|e JX1974 .B3
|h Library of Congress classification
|i unmediated -- volume
|m A14806153117
|
| 998 |
f |
f |
|a JX1974 .B3
|t 0
|l Remote Storage
|